| Поле | Название | Значение |
| |
Тип записи |
i |
| |
Библиографический уровень |
m |
| 001 |
Контрольный номер |
RU/SLIB/B/226420392 |
| 005 |
Дата корректировки |
20201206204457.8 |
| 010 |
Индекс ISBN |
__ |
| d |
Цена |
280-00 |
| 101 |
Язык документа |
__ |
| a |
Язык текста |
rus |
| c |
Язык оригинала |
fre |
| 200 |
Заглавие и сведения об ответственности |
1_ |
| a |
Заглавие |
Дамское счастье |
| e |
Сведения, относящиеся к заглавию |
[аудиокнига : роман] |
| f |
Первые сведения об ответственности |
Эмиль Золя ; читает Ольга Зюзина |
| b |
Общее обозначение материала |
Звукозапись |
| 210 |
Выходные данные |
__ |
| a |
Место издания |
М. |
| c |
Издательство |
Библиофоника |
| d |
Дата издания |
2006 |
| 215 |
Физическое описание |
__ |
| a |
Объем |
2 электрон. опт. диска (Audio CD) (20 ч. 10 мин.) |
| 225 |
Серия |
__ |
| a |
Серия |
Французская классическая проза |
| 300 |
Общие примечания |
__ |
| a |
Общие примечания |
AudioCD ; MP3 |
| 323 |
Примечание о главных создателях, исполнителях, участниках |
__ |
| a |
Примечание о главных создателях, исполнителях, участниках |
Зюзина О. (читает) |
| 330 |
Аннотация |
__ |
| a |
Аннотация |
О судьбе бедной девушки из провинции, приехавшей в Париж и поступившей продавщицей в универсальный магазин с броским названием "Дамское счастье". Благодаря терпению, уму, чувству собственного достоинства, ей удается преодолеть все возникающие на ее пути трудности и добиться такого положения, о котором она и мечтать не могла. |
| 333 |
Примечание о целевом назначении |
__ |
| a |
Примечание о целевом назначении |
16+. Для детей старше 16 лет |
| 606 |
Тематические рубрики |
__ |
| a |
Основная рубрика |
Литература Европы (произведения) |
| a |
Основная рубрика |
Художественная литература |
| z |
Хронологическая подрубрика |
19 в. |
| y |
Географическая подрубрика |
Франция |
| 610 |
Ключевые слова |
__ |
| a |
Ключевые слова |
французская литература; романы; тема женщины; тема торговли; тема бизнеса |
| 686 |
Индексы других классификаций |
__ |
| a |
Классификационный индекс |
ст84(4Фра)-4я0 |
| 700 |
Автор |
_1 |
| a |
Фамилия |
Золя |
| b |
Имя |
Э. |
| g |
Полное личное имя |
Эмиль |
| 4 |
Код отношения |
070 |
| 801 |
Источник записи |
_0 |
| a |
Страна |
RU |
| b |
Организация |
Муниципальное бюджетное учреждение культуры "Централизованная библиотечная система" г. Сургут (Центральная городская библиотека им. А. С. Пушкина) |
| g |
Правила каталогизации |
КиК/Поспелова |
| 801 |
Источник записи |
_1 |
| a |
Страна |
RU |
| b |
Организация |
Муниципальное бюджетное учреждение культуры "Централизованная библиотечная система" г. Сургут (Центральная городская библиотека им. А. С. Пушкина) |
| g |
Правила каталогизации |
КиК/Поспелова |
| 852 |
Данные о местонахождении |
__ |
| j |
Шифр хранения |
ст84(4Фра)-4я0 |
| c |
Каталожный индекс |
ст84(4Фра)-4я04 |
| i |
Авторский знак |
З-81 |
| 901 |
Тип документа |
__ |
| t |
Тип документа |
0 |
| 903 |
Характеристики (МАРС) |
__ |
| a |
Дата передачи |
20070307 |
| 969 |
Тип издания |
__ |
| a |
Тип издания |
аудиокнига |
| 990 |
Данные о заказе (DOS) |
__ |
| j |
Количество экземпляров (DOS) |
1 |
| h |
N записи в КСУ для Б/У (DOS) |
200703 |